Naučme sa vážiť si úspech s Vladimírom Weissom, trénerom slovenskej futbalovej reprezentácie

Bibliographic Details
Main Authors: Hašan, Miroslav, 1950- (Author, Interviewer), Weiss, Vladimír, 1964- (Author)
Format: Article
Language:Slovak
Subjects:

MARC

LEADER 00000nab a2200000 ar4500
001 vtls010078033
003 SK-MaSNL
005 20260303050509.0
008 100322c20100313xo dr|n|||||||000 b|slo
015 |a SNBRB2010/03  |2 snkbucl 
038 |a SNKBUCL 
040 |a SNKBUCL  |b slo  |c SNKBUCL  |e AACR2 
041 0 |a slo 
044 |a xo  |c SK 
080 |a 796.322.071  |2 2001 
100 1 |a Hašan, Miroslav,  |d 1950-  |4 ivr  |4 aut  |9 838412 
245 1 0 |a Naučme sa vážiť si úspech  |b s Vladimírom Weissom, trénerom slovenskej futbalovej reprezentácie  |c [zhováral sa] Miroslav Hašan 
300 |b Fotogr. 
650 0 7 |a futbal  |2 snkbucl  |9 3291 
655 7 |a rozhovory  |2 snkbucl  |9 31831 
700 1 |a Weiss, Vladimír,  |d 1964-  |4 ive  |4 aut  |9 104281 
773 0 |t Šport  |g Roč. 64, č. 60 (13.3.2010), s. 2-3  |x 0139-7001 
852 |a SNK  |b KIS3GCP 
999 |c 1707708  |d 1709638